Normal view
MARC view
Entry Topical Term
001 - CONTROL NUMBER
- control field: 29229
003 - CONTROL NUMBER IDENTIFIER
- control field: ARRUPE
005 - DATE AND TIME OF LATEST TRANSACTION
- control field: 20170301115203.0
008 - FIXED-LENGTH DATA ELEMENTS
- fixed length control field: 170301|| aca||aabn | a|a d
040 ## - CATALOGING SOURCE
- Original cataloging agency: ARRUPE
- Transcribing agency: ARRUPE
150 ## - HEADING--TOPICAL TERM
- Topical term or geographic name as entry element: World War, 1939-1945
- Geographic subdivision: United States.
670 ## - SOURCE DATA FOUND
- Source citation: Work cat.: (ARRUPE)0: Beard, Charles A. (Charles Austin), 1874-1948. 29228, President Roosevelt and the coming of the war, 1941;, 1948.